00460nam a22001577a 450000500170000001000150001702000260003203500140005803700090007208200110008124500710009226000370016327000590020030000200025970000230027920250624165445.0 aENG-145510 a9788126053636c115.00 aEN-129042 bDBAD 21a370 aMethodology In Translating Pre Modern Texts/cedited by C. Naganna aNew DelhibSahitya Akademic2017 aRabindra Bhavan, 35, Ferozshah RoadbNew Delhie110001 a112p.c21cm(pb) aC. NagannaeEditor